| 000 | 01117na a2200301 4500 | ||
|---|---|---|---|
| 001 | 16591 | ||
| 003 | MIRAKIL | ||
| 005 | 20181213154848.0 | ||
| 008 | 161011b tu 000 0 | ||
| 020 | _a9783000346248 | ||
| 040 |
_aMilas _btur _cTR-AnCHP |
||
| 041 |
_atur _ager |
||
| 082 |
_a720.956511 _bB56 2011 |
||
| 090 | _a720.956511 B56 2011 | ||
| 245 |
_aBir başkentin oluşumu _bAvusturyalı, Alman ve İsviçreli mimarların Ankara'daki izleri = Das werden einer hauptstadt : Spuren Deutschsprachiger Architekten in Ankara _ceditör Leyla Alpagut, Achim Wagner |
||
| 246 | _aDas werden einer hauptstadt : Spuren, Deutschsprachiger architekten in Ankara | ||
| 246 | _aAvusturyalı, Alman ve İsviçreli mimarların Ankara'daki izleri | ||
| 260 |
_aAnkara _bGoethe Institut _c2011 |
||
| 300 |
_a406 s. _bfotg. ; hrt. ; tbl. _c31 sm. |
||
| 500 | _aYapıt Türkçe-Almanca paraleldir. | ||
| 504 | _aKaynakça var. | ||
| 650 |
_aMimarlar _zAlmanya |
||
| 650 |
_aMimarlık _xTarih _zAnkara |
||
| 650 |
_aMimarlar _zAvusturya |
||
| 700 | _aWagner, Achim | ||
| 700 | _aAlpagut, Leyla | ||
| 942 |
_2dcc _cBKS |
||
| 999 |
_c2181 _d2181 |
||